000 00506nam a2200193Ia 4500
005 20210202121004.0
008 131103s9999 xx 000 0 und d
040 _aLoreto College
041 _aEnglish
082 _a942
_bMOD
245 _aModern times
_cselected and edited by G.H.Reed
_b1815-1914
260 _a[s.l.]
_b[s.n.]
_c[19 - ?]
300 _ap. 33
440 _aBlack's history pictures
650 _aEngland - Modern History
700 _aReed,G.H.
_4ed.
850 _aLCLIB
942 _cBK
999 _c7967
_d58446